New Headway Advanced. Student´s Workbook Cassette

Gespeichert in:
Bibliographische Detailangaben
Hauptverfasser: Soars, Liz, Soars, John (Verfasst von)
Weitere Verfasser: Falla, Tim
Format: Kassette Buch
Sprache:Englisch
Veröffentlicht: Oxford Oxford University Press 2003
Ausgabe:1. vyd.
Online-Zugang:Im OPAC anzeigen
Tags: Tag hinzufügen
Keine Tags, Fügen Sie das erste Tag hinzu!

MARC

LEADER 00000nam a2200000 a 4500
005 20260127134151.0
007 ss
008 050201 2003 enk 000 0 eng d
035 |a vtls001491615 
039 9 |a 200504191207  |b mschk03  |c 200502101205  |d mschk04  |y 200502011137  |z mschk03 
040 |a STUSCHK1  |b slo  |c STUSCHK1  |e AACR2 
080 |a 802.0 
100 1 |a Soars, Liz 
245 1 |a New Headway  |b Advanced. Student´s Workbook Cassette 
250 |a 1. vyd. 
260 |a Oxford  |b Oxford University Press  |c 2003 
700 1 |a Soars, John  |4 aut. 
700 1 |a Falla, Tim 
910 |a SCHK95 
919 |a 0-19436934-X 
999 |c 5649  |d 5649